000 00296nam a22001217a 4500
008 180208b xxu||||| |||| 00| 0 eng d
041 _aeng
080 _a32
100 _a22
101 _aPOL
245 _aTHE REASON OF RULES CONSTITUTIONAL POLITICAL ECONOMY
_cJAMES.M.B
942 _2udc
_cBK
999 _c42175
_d42175